000 00617cam a22002291 4500
001 sa 65007608
003 DLC
005 20260227112149.0
008 900212m19501962ii 000 0 sano
010 _asa 65007608
035 _a(OCoLC)21052537
040 _aDLC
_cWaU
_dDLC
042 _apremarc
050 0 0 _aPK513
_b.P26 1962
100 0 _aPāṇini.
245 1 0 _aPāṇinīyāṣṭakam.
260 _c[1950-62; v. 1, 1962]
300 _a2 v. in 1.
_c25 cm.
440 0 _aGurukula Saṃskr̥ta pāṭhamālā,
_vpuṣpam 8-9
650 0 _aSanskrit language
_xGrammar.
700 1 _aShastri, Ganga Dutta.
999 _c65239
_d65239